[Event "FIN-chT 1617"]
[Site "Finland"]
[Date "2016.12.11"]
[Round "6.8"]
[White "Kivilahti, Rami"]
[Black "Politi, Alberto"]
[Result "0-1"]
[WhiteElo "2015"]
[BlackElo "1741"]
[PlyCount "62"]
[EventDate "2016.09.17"]
[EventType "team-tourn"]
[EventRounds "11"]
[EventCountry "FIN"]
[SourceTitle "EXT 2018"]
[Source "ChessBase"]
[SourceDate "2017.10.13"]
[SourceVersion "1"]
[SourceVersionDate "2017.10.13"]
[SourceQuality "1"]
[WhiteTeam "Helsinki Aatos"]
[BlackTeam "Helsinki Garde"]
[WhiteTeamCountry "FIN"]
[BlackTeamCountry "FIN"]

1. e4 c5 2. Nf3 g6 3. Nc3 Bg7 4. Bc4 Nc6 5. 0-0 Nf6 6. d4 cxd4 7. Nxd4 d6 8. Bb5 Bd7 9. Be3 Ng4 10. Bxc6 bxc6 11. Nxc6 Nxe3 12. Nxd8 Nxd1 13. Nxf7 Nxc3 14. Nxh8 Ne2+ 15. Kh1 Bxh8 16. Rfe1 Nd4 17. Rac1 Rb8 18. b3 Nb5 19. c4 Nc3 20. Rc2 Nxe4 21. Rce2 Nf6 22. Rxe7+ Kf8 23. f3 Re8 24. Rxe8+ Nxe8 25. Kg1 Bd4+ 26. Kf1 Ng7 27. Ke2 Ne6 28. Kd3 Bc5 29. g3 Nd4 30. b4 Bf5+ 31. Kc3 Bxb4+ 0-1

[Event "Helsinki We Garde 9th Group B"]
[Site "Helsinki"]
[Date "2013.09.15"]
[Round "5"]
[White "Politi, Alberto"]
[Black "Toropainen, Jarkko"]
[Result "1/2-1/2"]
[WhiteElo "1611"]
[BlackElo "1855"]
[PlyCount "83"]
[EventDate "2013.09.13"]
[EventType "swiss"]
[EventRounds "5"]
[EventCountry "FIN"]
[SourceTitle "EXT 2022"]
[Source "ChessBase"]
[SourceDate "2021.10.06"]
[SourceVersion "1"]
[SourceVersionDate "2021.10.06"]
[SourceQuality "1"]

1. d4 Nf6 2. Nf3 e6 3. Bf4 d5 4. e3 Nbd7 5. Bd3 c5 6. c4 cxd4 7. exd4 Bb4+ 8. Nc3 dxc4 9. Bxc4 Ne4 10. Qc2 Nd6 11. Bd3 Bxc3+ 12. bxc3 Nf6 13. 0-0 0-0 14. Be5 Nf5 15. Be4 Nxe4 16. Qxe4 f6 17. Bf4 Qd5 18. Qxd5 exd5 19. Rfe1 g5 20. Bc1 Nd6 21. a4 Nc4 22. Ra2 Bd7 23. Re7 Bc6 24. g3 Rfe8 25. Rxe8+ Rxe8 26. Kg2 a5 27. Nd2 Nxd2 28. Bxd2 Re7 29. Kf3 Kf7 30. Be3 Rc7 31. Bd2 b6 32. g4 Rb7 33. Ke2 b5 34. axb5 Bxb5+ 35. Kf3 a4 36. Ra3 Bc6 37. Ke2 Ke6 38. f4 gxf4 39. Bxf4 Rb1 40. h4 Bb5+ 41. Kf3 Kf7 42. Be3 1/2-1/2

[Event "Helsinki We Garde 9th Group B"]
[Site "Helsinki"]
[Date "2013.09.15"]
[Round "4"]
[White "Saavalainen, Ellis"]
[Black "Politi, Alberto"]
[Result "1-0"]
[WhiteElo "1662"]
[BlackElo "1611"]
[PlyCount "53"]
[EventDate "2013.09.13"]
[EventType "swiss"]
[EventRounds "5"]
[EventCountry "FIN"]
[SourceTitle "EXT 2022"]
[Source "ChessBase"]
[SourceDate "2021.10.06"]
[SourceVersion "1"]
[SourceVersionDate "2021.10.06"]
[SourceQuality "1"]

1. e4 c5 2. Nf3 d6 3. d4 cxd4 4. Nxd4 Nf6 5. Nc3 a6 6. f3 e6 7. Be3 Be7 8. Qd2 Bd7 9. g4 0-0 10. g5 Ne8 11. h4 Nc6 12. 0-0-0 b5 13. f4 b4 14. Nce2 Qa5 15. Kb1 e5 16. Nb3 Qc7 17. f5 a5 18. h5 a4 19. Nbc1 Qb7 20. g6 Qa6 21. h6 Nf6 22. hxg7 Kxg7 23. Bh6+ Kh8 24. g7+ Kg8 25. gxf8Q+ Bxf8 26. Bxf8 Kxf8 27. Qxd6+ 1-0

[Event "Helsinki We Garde 9th Group B"]
[Site "Helsinki"]
[Date "2013.09.14"]
[Round "2"]
[White "Aalto, Patrik"]
[Black "Politi, Alberto"]
[Result "0-1"]
[WhiteElo "1425"]
[BlackElo "1611"]
[PlyCount "136"]
[EventDate "2013.09.13"]
[EventType "swiss"]
[EventRounds "5"]
[EventCountry "FIN"]
[SourceTitle "EXT 2022"]
[Source "ChessBase"]
[SourceDate "2021.10.06"]
[SourceVersion "1"]
[SourceVersionDate "2021.10.06"]
[SourceQuality "1"]

1. e4 c5 2. Nf3 d6 3. d4 cxd4 4. Nxd4 Nf6 5. Nc3 a6 6. Be3 Bd7 7. Be2 Nc6 8. 0-0 e6 9. f4 Qb6 10. Rb1 e5 11. Nf5 Qc7 12. a3 g6 13. Ng3 Bh6 14. Nd5 Nxd5 15. Qxd5 Be6 16. Qd2 Rd8 17. Qc3 d5 18. exd5 Bxd5 19. fxe5 Bxe3+ 20. Qxe3 Qxe5 21. Qxe5+ Nxe5 22. Rbd1 0-0 23. Rfe1 Rfe8 24. Bf1 f6 25. b3 b5 26. Ne2 Rd7 27. Nc3 Bc6 28. Rxd7 Bxd7 29. Ne4 Kg7 30. Nc5 Bc6 31. Nxa6 Nf3+ 32. gxf3 Rxe1 33. Kf2 Rc1 34. Nb4 Bxf3 35. Bxb5 Be4 36. c4 Rb1 37. Ba4 Ra1 38. c5 Rxa3 39. c6 Bf5 40. Ke2 Ra1 41. Kd2 Rh1 42. c7 Rxh2+ 43. Kc3 Rh1 44. Kd2 h5 45. Nd5 h4 46. Ne7 Be6 47. b4 Rb1 48. Kc3 h3 49. Bc6 g5 50. Bd5 Rc1+ 51. Kd4 Bd7 52. Bc6 Rxc6 53. Nxc6 h2 54. Ne7 h1Q 55. Kc5 g4 56. Kd6 Qd1+ 57. Nd5 Bf5 58. Kc6 Qc1+ 59. Kb7 g3 60. Ne7 Be6 61. b5 g2 62. Ka7 Qxc7+ 63. Ka6 Qxe7 64. b6 Bc8+ 65. Kb5 g1Q 66. Kc6 Qd4 67. Kb5 Qee5+ 68. Kc6 Qdc5# 0-1